Best player from every NBA team 2023 - Statistics

General Stats
  • This quiz has been taken 163 times
  • The average score is 23 of 30
Answer Stats
Team Answer % Correct
Celtics Jayson Tatum
98%
Suns Kevin Durant
90%
Bucks Giannis Antetokounmpo
89%
76ers Joel Embiid
89%
Lakers Lebron James
89%
Mavericks Luka Doncic
89%
Nuggets Nikola Jokic
89%
Grizzlies JA Morant
88%
Heat Jimmy Butler
87%
Warriors Steph Curry
86%
Hawks Trae Young
86%
Cavaliers Donovan Mitchell
82%
Hornets Lamelo Ball
82%
Kings De'Arron Fox
80%
Clippers Paul George
80%
Thunder Shai Gilgeous-Alexander
80%
Timberwolves Karl Anthony-Towns
79%
Trail Blazers Damian Lillard
78%
Bulls Zach Lavine
78%
Pistons Cade Cunningham
75%
Knicks Julias Randle
74%
Magic Paolo Banchero
74%
Pacers Tyrese Haliburton
74%
Nets Mikail Bridges
69%
Pelicans Brandon Ingram
68%
Raptors Pascal Siakam
68%
Wizards Bradley Beal
64%
Rockets Jalen Green
64%
Spurs Victor Wembanyama
49%
Jazz Lauri Markkanen
39%
No matching quizzes found
Score Distribution
Percent of People with Each Score
Percentile by Number Answered
Your Score History
You have not taken this quiz